000 01254cam a2200133 4500500
005 20251214004257.0
041 _afre
042 _adc
100 1 0 _aMonvoisin, Frédéric
_eauthor
245 0 0 _aCinémas d'Asie, d'hier et d'aujourd'hui : Japon, Corée du Sud, Taïwan, Chine, Hongkong
260 _bArmand Colin,
_c2015.
520 _aPrenant comme point de départ la naissance du cinéma japonais et son influence sur les autres cinématographies dont l’histoire est directement liée aux événements politiques et sociaux de leur territoire, cet ouvrage retrace près de cent vingt ans de cinémas asiatiques. Illustré de photogrammes (objets rares et films incontournables), il met l’accent sur la diversité et la richesse de ces productions et aide à comprendre les mécanismes dans lesquels les films, les thèmes et les motifs apparaissent. Cet ouvrage intéressera l’étudiant en cinéma et audiovisuel qui cherche à avoir une vision synthétique en vue d’approfondir une période ou une œuvre particulière, tout comme le passionné qui souhaite simplement découvrir ces cinémas d’Asie.
856 4 1 _uhttps://shs.cairn.info/cinemas-d-asie-d-hier-et-d-aujourd-hui--9782200291242?lang=fr&redirect-ssocas=7080
999 _c1568397
_d1568397